Statistics for European Capitals. Speed type.

Click here to take the quiz!

General Stats

  • This quiz has been taken 1,150 times
  • The average score is 33 of 45

Answer Stats

CountryCapital% Correct
FranceParis
92%
GermanyBerlin
90%
BelgiumBrussels
89%
AustriaVienna
88%
DenmarkCopenhagen
86%
FinlandHelsinki
86%
ItalyRome
86%
GreeceAthens
85%
IrelandDublin
85%
NorwayOslo
85%
Czech RepublicPrague
83%
HungaryBudapest
81%
BelarusMinsk
81%
AlbaniaTirana
81%
RussiaMoscow
80%
BulgariaSofia
80%
NetherlandsAmsterdam
79%
PortugalLisbon
79%
AndorraAndorra La Vella
77%
MonacoMonaco
77%
PolandWarsaw
76%
CroatiaZagreb
76%
United KingdomLondon
75%
LuxembourgLuxembourg
75%
SpainMadrid
75%
BosniaSarajevo
73%
RomaniaBucharest
72%
LatviaRiga
72%
SwedenStockholm
72%
EstoniaTallinn
68%
IcelandReykjavik
67%
San MarinoSan Marino
66%
SwitzerlandBern
65%
UkraineKiev
63%
MacedoniaSkopje
63%
LithuaniaVilnius
63%
SerbiaBelgrade
61%
LiechtensteinVaduz
61%
Vatican CityVatican City
60%
KosovoPristina
59%
MaltaValletta
59%
SlovakiaBratislava
56%
MoldovaChisinau
55%
MontenegroPodgorica
55%
SloveniaLjubljana
45%

Score Distribution

Percentile by Number Answered

Percent of People with Each Score

Your Score History

You have not taken this quiz